Consolidacion y desarrollo de la formación continua en España (Registro nro. 15474)
[ vista simple ]
| 000 -CABECERA | |
|---|---|
| Longitud fija campo de control | 01724nam a2200421 c 4500 |
| 001 - NÚMERO DE CONTROL | |
| Número de control | 15474 |
| 003 - IDENTIFICADOR DE NÚMERO DE CONTROL | |
| Identificador del número de control | ES-MaCES |
| 005 - FECHA Y HORA DE LA ÚLTIMA TRANSACCIÓN | |
| Fecha y hora de la última transacción | 20150925133834.0 |
| 008 - CAMPO FIJO DE DESCRIPCIÓN FIJA--INFORMACIÓN GENERAL | |
| Códigos de información de longitud fija | 030819s2003 sp d t 000 | spa d |
| 017 ## - NÚMERO DE REGISTRO DE DERECHOS DE AUTOR Y DEPÓSITO LEGAL | |
| Número de copyright o de depósito legal | M 30466-2003 |
| Agencia que asigna el número | DL |
| 035 ## - NÚMERO DE CONTROL DEL SISTEMA | |
| Número de control del sistema | CES20030011776m |
| 040 ## - FUENTE DE CATALOGACIÓN | |
| Centro catalogador de origen | ES-MaCES |
| Lengua de catalogación | spa |
| Centro transcriptor | ES-MaCES |
| 245 00 - MENCIÓN DE TÍTULO | |
| Título | Consolidacion y desarrollo de la formación continua en España |
| Resto del título | : retos para la formación continua y sus instituciones en un futuro próximo |
| Mención de responsabilidad, etc. | [Grup de Recerça Educació i Treball, Universidad Autonoma de Barcelona ; coordinadores del estudio, Jordi Planas y Judith Rifà] |
| 260 ## - PUBLICACIÓN, DISTRIBUCIÓN, ETC (PIE DE IMPRENTA) | |
| Lugar de publicación, distribución, etc. | [Madrid] |
| Nombre del editor, distribuidor, etc. | Fundación Tripartita para la Formación en el Empleo |
| Fecha de publicación, distribución, etc. | [2003] |
| 300 ## - DESCRIPCIÓN FÍSICA | |
| Extensión | 228 p. |
| Otras características físicas | gráf. |
| Dimensiones | 24 cm |
| Material anejo | 1 CD-ROM |
| 490 0# - MENCIÓN DE SERIE | |
| Mención de serie | Documentos e informes |
| Designación de volumen o secuencia | 1 |
| 500 ## - NOTA GENERAL | |
| Nota general | En la cub.: Fondo Social Europeo |
| 500 ## - NOTA GENERAL | |
| Nota general | Disponible también en CD-ROM |
| 504 ## - NOTA DE BIBLIOGRAFÍA, ETC. | |
| Nota de bibliografía, etc. | Bibliografía: p. 215-227 |
| 541 ## - NOTA DE LA FUENTE INMEDIANTE DE ADQUISICIÓN | |
| Forma de adquisición | Gratuito |
| 650 #4 - ASIENTO SECUNDARIO DE MATERIA--TÉRMINO DE MATERIA | |
| Término de materia o nombre geográfico como elemento inicial | formación profesional permanente |
| 9 (RLIN) | 29931 |
| 650 #4 - ASIENTO SECUNDARIO DE MATERIA--TÉRMINO DE MATERIA | |
| Término de materia o nombre geográfico como elemento inicial | mercado de trabajo |
| 9 (RLIN) | 28292 |
| 650 #4 - ASIENTO SECUNDARIO DE MATERIA--TÉRMINO DE MATERIA | |
| Término de materia o nombre geográfico como elemento inicial | productividad |
| 9 (RLIN) | 28259 |
| 650 #4 - ASIENTO SECUNDARIO DE MATERIA--TÉRMINO DE MATERIA | |
| Término de materia o nombre geográfico como elemento inicial | España |
| 9 (RLIN) | 26964 |
| 650 #4 - ASIENTO SECUNDARIO DE MATERIA--TÉRMINO DE MATERIA | |
| Término de materia o nombre geográfico como elemento inicial | Europa |
| 9 (RLIN) | 26940 |
| 650 #4 - ASIENTO SECUNDARIO DE MATERIA--TÉRMINO DE MATERIA | |
| Término de materia o nombre geográfico como elemento inicial | CD ROM |
| 9 (RLIN) | 30331 |
| 653 10 - TÉRMINO DE INDEXACIÓN--NO CONTROLADO | |
| Término no controlado | Educación |
| 650 #4 - ASIENTO SECUNDARIO DE MATERIA--TÉRMINO DE MATERIA | |
| 9 (RLIN) | 27897 |
| Término de materia o nombre geográfico como elemento inicial | competencia |
| 700 1# - ENCABEZAMIENTO SECUNDARIO--NOMBRE PERSONAL | |
| Nombre de persona | Planás, Jordi |
| Término indicativo de función | col. |
| 9 (RLIN) | 21126 |
| 700 1# - ENCABEZAMIENTO SECUNDARIO--NOMBRE PERSONAL | |
| Nombre de persona | Rifá, Judith |
| Término indicativo de función | col. |
| 9 (RLIN) | 22052 |
| 710 2# - ENCABEZAMIENTO SECUNDARIO--NOMBRE CORPORATIVO | |
| Nombre de entidad o nombre de jurisdicción como elemento inicial | Fundación Tripartita para la Formacion en el Empleo |
| Término indicativo de función | ed. |
| 9 (RLIN) | 3917 |
| 710 2# - ENCABEZAMIENTO SECUNDARIO--NOMBRE CORPORATIVO | |
| Nombre de entidad o nombre de jurisdicción como elemento inicial | Universidad Autónoma de Barcelona |
| Unidad subordinada | Grup de Recerça Educació i Treball |
| 9 (RLIN) | 5191 |
| 710 2# - ENCABEZAMIENTO SECUNDARIO--NOMBRE CORPORATIVO | |
| Nombre de entidad o nombre de jurisdicción como elemento inicial | Fondo Social Europeo |
| 9 (RLIN) | 3639 |
| 830 #0 - ENCABEZAMIENTO SECUNDARIO DE COLECCIÓN--TÍTULO UNIFORME | |
| Título uniforme | Documentos e informes (Fundación Tripartita para la Formación en el Empleo) |
| Designación de volumen o secuencia | 1 |
| 9 (RLIN) | 33900 |
| 902 ## - CES. TIPO DE DOCUMENTO | |
| Tipodoc (006$c Sirtex) | LIB Libro |
| 942 ## - ELEMENTOS KOHA | |
| Fuente de clasificaión o esquema | Clasificación propia del CES |
| Koha [por defecto] tipo de item | Monografías |
| Parte de clasificación | 4.0. |
| Número de registro | Signatura completa | Tipo de item de Koha |
|---|---|---|
| 053222 | SG-4.0.-135 | Monografías |
| 053223 | SR-CD-232 | Monografías |
